000 00328nam a2200133Ia 4500
005 20251222155151.0
008 251222s9999||||xx |||||||||||||| ||spa||
082 _aMEQ.235
100 _aCISTERNA C. Ramón.
245 0 _aPlan de formación en enfermedades infecciosas
250 _a1ra. ed.
264 _bEmisa
942 _cLIB
999 _c39566
_d39566